[Event "SR Extraliga 2016/2017"]
[Site "?"]
[Date "2017.03.26"]
[Round "11.4"]
[White "Mikrut, Dariusz"]
[Black "Vojtek, Vladimir"]
[Result "1-0"]
[WhiteElo "2396"]
[BlackElo "2268"]
[PlyCount "81"]
[EventDate "2016.??.??"]

1. d4 d5 2. c4 Bf5 3. cxd5 Bxb1 4. Qa4+ c6 5. dxc6 Nxc6 6. Rxb1 Qxd4 7. Qxd4
Nxd4 8. e3 Nc6 9. Nf3 e6 10. a3 Nf6 11. b4 Bd6 12. Bb2 Ke7 13. Bd3 Rhd8 14. Ke2
g6 15. Rhd1 Rac8 16. Rbc1 Rc7 17. Bb5 Nd5 18. e4 Nf4+ 19. Kf1 f6 20. g3 Nh5 21.
Bxc6 Rxc6 22. Rxc6 bxc6 23. Rc1 Rc8 24. e5 fxe5 25. Nxe5 Bxe5 26. Bxe5 Nf6 27.
Bxf6+ Kxf6 28. Rc5 Ke7 29. Ke2 Kd6 30. Ke3 Rd8 31. Ra5 Rd7 32. h4 Ke7 33. Ra6
Rc7 34. Ke4 Kf6 35. g4 h6 36. f4 Ke7 37. Ke5 c5 38. Rxe6+ Kf7 39. Kd6 c4 40.
Re4 Rc8 41. Kd7 1-0

[Event "SR Extraliga 2016/2017"]
[Site "?"]
[Date "2017.03.26"]
[Round "11.5"]
[White "Veres, Andrej"]
[Black "Kusiak, Matej"]
[Result "1-0"]
[WhiteElo "2237"]
[BlackElo "2307"]
[PlyCount "111"]
[EventDate "2016.??.??"]

1. d4 g6 2. Nf3 Bg7 3. c4 d6 4. Nc3 Bg4 5. e3 Nc6 6. Qb3 Bxf3 7. gxf3 Rb8 8. f4
Qd7 9. h4 Nf6 10. d5 Nd8 11. Bh3 e6 12. Bd2 O-O 13. O-O-O Qe7 14. Rdg1 c6 15.
dxe6 Nxe6 16. f5 Nc5 17. Qc2 b5 18. cxb5 cxb5 19. h5 b4 20. h6 bxc3 21. Bxc3
Bxh6 22. fxg6 fxg6 23. Bf5 Bg7 24. Bxg6 hxg6 25. Qxg6 Ne6 26. Kb1 Rb5 27. Rh6
Rg5 28. Rxg5 Nxg5 29. Qxg5 Qe4+ 30. Kc1 Kf7 31. Rxf6+ Bxf6 32. Qxf6+ Ke8 33.
Qxd6 Qh1+ 34. Kc2 Rxf2+ 35. Kb3 Qb7+ 36. Qb4 Qxb4+ 37. Kxb4 Rf5 38. Bd4 a6 39.
a4 Kd7 40. Kc4 Rh5 41. b4 Kc6 42. Bc5 Rh4+ 43. Bd4 Rh5 44. Bc5 Rh4+ 45. Bd4 Rh5
46. e4 Rg5 47. e5 Rg6 48. b5+ axb5+ 49. axb5+ Kd7 50. Kd5 Rg5 51. Bc5 Rg2 52.
e6+ Kc7 53. b6+ Kb7 54. e7 Re2 55. Kd6 Re1 56. Bd4 1-0

[Event "SR Extraliga 2016/2017"]
[Site "?"]
[Date "2017.03.26"]
[Round "11.6"]
[White "Jacko, Vladimir"]
[Black "Kovacik, Emil"]
[Result "1-0"]
[WhiteElo "2294"]
[BlackElo "2111"]
[PlyCount "79"]
[EventDate "2016.??.??"]

1. e4 e6 2. Qe2 c5 3. Nf3 Nc6 4. g3 g6 5. Bg2 Bg7 6. d3 d6 7. h4 h6 8. c3 e5 9.
Na3 Nge7 10. Nc4 O-O 11. a4 Be6 12. Nh2 d5 13. exd5 Bxd5 14. Nf3 Qc7 15. O-O
Rad8 16. Re1 Rfe8 17. Be3 b6 18. Rad1 Nf5 19. Bc1 a6 20. Nh2 Bxg2 21. Kxg2 Nd6
22. Nxd6 Qxd6 23. Kg1 Re7 24. Ng4 Kh7 25. Ne3 b5 26. axb5 axb5 27. h5 Red7 28.
Qf3 Qe6 29. hxg6+ Qxg6 30. Nf5 c4 31. Nxg7 Rxd3 32. Rxd3 Rxd3 33. Be3 Kxg7 34.
Ra1 Ne7 35. Ra5 e4 36. Qf4 Rd5 37. Bd4+ Kh7 38. Ra8 Ng8 39. Rf8 Rd7 40. Rxg8
1-0

[Event "SR Extraliga 2016/2017"]
[Site "?"]
[Date "2017.03.26"]
[Round "11.7"]
[White "Bombek, Peter"]
[Black "Holtman, Teodor"]
[Result "0-1"]
[WhiteElo "2202"]
[BlackElo "2296"]
[PlyCount "114"]
[EventDate "2016.??.??"]

1. d4 Nf6 2. Bg5 e6 3. e4 h6 4. Bxf6 Qxf6 5. Nc3 c5 6. Nf3 cxd4 7. Qxd4 Nc6 8.
Qxf6 gxf6 9. Nb5 Rb8 10. O-O-O a6 11. Nd6+ Bxd6 12. Rxd6 Ke7 13. Rd2 b5 14. g3
Bb7 15. Bg2 Na5 16. Rhd1 Rhd8 17. Nd4 Nc4 18. Re2 f5 19. f4 fxe4 20. Bxe4 d5
21. Bd3 Kd6 22. Rde1 Kc5 23. c3 Bc8 24. b4+ Kb6 25. Bxc4 dxc4 26. Re5 Rg8 27.
Rc5 Rb7 28. Ree5 Rd7 29. Rh5 Rh8 30. a4 bxa4 31. Rxc4 Bb7 32. b5 Rd5 33. Rxd5
Bxd5 34. Rb4 axb5 35. Nxb5 Kc5 36. Na3 Bb3 37. Rb5+ Kc6 38. Rh5 f5 39. Nc2 Kd6
40. Nd4 Bd5 41. Kb2 Kc5 42. g4 fxg4 43. Nxe6+ Kc4 44. Nc7 Rb8+ 45. Ka3 Bc6 46.
Rxh6 Rb3+ 47. Ka2 Be4 48. Rd6 Kxc3 49. Nd5+ Kc4 50. Nf6 Bb1+ 51. Ka1 Bf5 52.
Rd5 Bd3 53. Re5 Kb4 54. Re1 Ka3 55. Nd5 Rb2 56. Nc3 Rc2 57. Nb1+ Kb3 0-1

[Event "SR Extraliga 2016/2017"]
[Site "?"]
[Date "2017.03.26"]
[Round "11.8"]
[White "Sepesi, Samuel"]
[Black "Sukuba, Zdeno"]
[Result "0-1"]
[WhiteElo "2225"]
[BlackElo "2160"]
[PlyCount "104"]
[EventDate "2016.??.??"]

1. e4 c6 2. Nc3 d5 3. Nf3 Bg4 4. h3 Bxf3 5. Qxf3 e6 6. d3 Nd7 7. Bd2 Ngf6 8. g4
h6 9. O-O-O Bb4 10. Kb1 d4 11. Ne2 Bxd2 12. Rxd2 e5 13. Qg3 g5 14. c3 dxc3 15.
Nxc3 Qe7 16. Bg2 O-O-O 17. Rc1 Nf8 18. d4 Ng6 19. Nd5 Qe6 20. Rdc2 Kb8 21. Nxf6
Qxf6 22. d5 cxd5 23. exd5 Rc8 24. Qb3 Rxc2 25. Rxc2 Qb6 26. Qa3 Rd8 27. Be4 Qd6
28. Qb3 Ne7 29. a4 Rc8 30. Rc4 Rxc4 31. Qxc4 Nc8 32. Qb5 Qa6 33. Qxa6 bxa6 34.
Kc2 a5 35. Kc3 Kc7 36. b4 Kb6 37. f3 axb4+ 38. Kxb4 a5+ 39. Kc3 Kc5 40. Bf5 Nb6
41. Kb3 Kxd5 42. Bh7 Kd4 43. Bg8 Ke3 44. Bxf7 Kxf3 45. Be8 Kg3 46. Kc3 Kxh3 47.
Kd3 Kxg4 48. Ke4 h5 49. Bb5 h4 50. Kxe5 h3 51. Kd4 h2 52. Bc6 Nxa4 0-1

[Event "SR Extraliga 2016/2017"]
[Site "?"]
[Date "2017.03.26"]
[Round "11.1"]
[White "Cvek, Robert"]
[Black "Svoboda, Svatopluk"]
[Result "1-0"]
[WhiteElo "2513"]
[BlackElo "2431"]
[PlyCount "53"]
[EventDate "2016.??.??"]

1. c4 Nf6 2. Nc3 d5 3. cxd5 Nxd5 4. g3 g6 5. Bg2 Nb6 6. d3 Bg7 7. Be3 c6 8. Qd2
h5 9. Nf3 Na6 10. O-O Nc7 11. Rac1 Nbd5 12. Nxd5 Nxd5 13. Bd4 Bxd4 14. Nxd4 Qd6
15. Nb3 O-O 16. d4 Rb8 17. Qa5 a6 18. e4 Nc7 19. d5 b6 20. Qc3 c5 21. a4 a5 22.
Nd2 Ba6 23. Rfd1 e5 24. Bf1 Bxf1 25. Rxf1 Ne8 26. Nc4 Qd7 27. Qxe5 1-0

[Event "SR Extraliga 2016/2017"]
[Site "?"]
[Date "2017.03.26"]
[Round "11.2"]
[White "Bures, Jaroslav"]
[Black "Pechac, Jergus"]
[Result "1/2-1/2"]
[WhiteElo "2383"]
[BlackElo "2444"]
[PlyCount "142"]
[EventDate "2016.??.??"]

1. d4 d5 2. c4 e6 3. Nc3 Nf6 4. Bg5 Be7 5. e3 h6 6. Bh4 O-O 7. Rc1 b6 8. cxd5
exd5 9. Nf3 Bb7 10. Be2 Nbd7 11. O-O Re8 12. Bg3 c6 13. Ne5 Nxe5 14. dxe5 Nd7
15. e4 d4 16. Qxd4 Bc5 17. Qd2 Nxe5 18. Rfd1 Qe7 19. Qf4 Ng6 20. Qc7 Qxc7 21.
Bxc7 Be7 22. Bg4 Bf6 23. Bf5 c5 24. Bxg6 fxg6 25. f3 g5 26. h3 Bd4+ 27. Kh1 h5
28. g4 Re7 29. Bg3 h4 30. Bh2 Rf7 31. Kg2 Raf8 32. Bd6 Rxf3 33. Bxf8 Rf2+ 34.
Kh1 Rxf8 35. Rf1 Re8 36. Kh2 a6 37. a4 Bc6 38. Rf5 b5 39. axb5 axb5 40. b4 Be5+
41. Kg1 cxb4 42. Nd5 Bd4+ 43. Kf1 Bd7 44. Rf3 Be6 45. Rc6 Bf7 46. Rc7 Bg6 47.
Ne7+ Kh7 48. Nxg6 Kxg6 49. Rb7 Rxe4 50. Rxb5 Bc3 51. Rff5 Bf6 52. Rf3 Rc4 53.
Ke2 Be7 54. Rb6+ Bf6 55. Rb7 Be5 56. Rb6+ Kh7 57. Rb7 Bc3 58. Kd3 Rc5 59. Kc2
Re5 60. Kb3 Re2 61. Rb5 Kg6 62. Rb6+ Kh7 63. Rb5 Bd2 64. Kc4 Re6 65. Kd3 Rd6+
66. Kc2 Bf4 67. Rxb4 Be5 68. Rbb3 Bf6 69. Rbd3 Ra6 70. Kd2 Kg6 71. Ke3 Rb6
1/2-1/2

[Event "SR Extraliga 2016/2017"]
[Site "?"]
[Date "2017.03.26"]
[Round "11.3"]
[White "Rohacek, Miroslav"]
[Black "Bednar, Milan"]
[Result "0-1"]
[WhiteElo "2287"]
[BlackElo "2249"]
[PlyCount "66"]
[EventDate "2016.??.??"]

1. e4 c5 2. Nf3 d6 3. d4 cxd4 4. Nxd4 Nf6 5. Nc3 a6 6. Be3 e6 7. Be2 Be7 8. Qd2
O-O 9. f4 Qc7 10. g4 b5 11. a3 Bb7 12. Bf3 Nc6 13. g5 Nd7 14. Nxc6 Bxc6 15. Qf2
Qb7 16. Rd1 a5 17. Nd5 Bd8 18. O-O b4 19. Qh4 Re8 20. Rf2 exd5 21. exd5 Bb5 22.
Bd4 Bb6 23. Bg4 Bxd4 24. Rxd4 Re1+ 25. Kg2 Rae8 26. axb4 axb4 27. Bf3 Be2 28.
Bxe2 R1xe2 29. Qh3 Rxf2+ 30. Kxf2 Qa7 31. Qd3 Nc5 32. Qc4 b3 33. cxb3 Nxb3 0-1

[Event "SR Extraliga 2016/2017"]
[Site "?"]
[Date "2017.03.26"]
[Round "11.4"]
[White "Istona, Martin"]
[Black "Jablonicky, Martin"]
[Result "0-1"]
[WhiteElo "2255"]
[BlackElo "2271"]
[PlyCount "134"]
[EventDate "2016.??.??"]

1. e4 e5 2. Nf3 Nc6 3. d4 exd4 4. Nxd4 Bc5 5. Nb3 Bb6 6. Nc3 Nf6 7. Qe2 d6 8.
Be3 Bxe3 9. Qxe3 Qe7 10. O-O-O Be6 11. g3 h5 12. h4 O-O 13. Bg2 Rfe8 14. Rhe1
Ne5 15. Nd4 c5 16. Nf5 Bxf5 17. exf5 Qd7 18. Qf4 Rad8 19. Kb1 Neg4 20. Rxe8+
Rxe8 21. a3 Re5 22. f3 Ne3 23. Rd2 Nxg2 24. Rxg2 Rxf5 25. Qe3 Re5 26. Qd2 Qe6
27. Re2 d5 28. Rxe5 Qxe5 29. Ne2 d4 30. Nf4 b6 31. b3 Nd5 32. Nxd5 Qxd5 33. Qd3
Qe5 34. f4 Qe1+ 35. Kb2 g6 36. a4 Kg7 37. Qf3 Qd2 38. Qe4 Qc3+ 39. Ka2 Qxg3 40.
Qe5+ Kh7 41. Qc7 Kg8 42. Qxa7 Qc3 43. Qa8+ Kh7 44. Qe4 Qe3 45. Qb7 Qe6 46. Kb2
Kg7 47. Qc7 Qf6 48. Ka2 Qf5 49. Kb2 Qf6 50. Ka2 Qxh4 51. Qxb6 Qxf4 52. a5 Qd2
53. Qxc5 d3 54. Qd4+ Kh7 55. Qxd3 Qxa5+ 56. Kb2 h4 57. c4 Qe5+ 58. Ka3 Qg3 59.
Qd5 Qf2 60. c5 h3 61. c6 h2 62. b4 Qf1 63. c7 Qc1+ 64. Kb3 Qxc7 65. Qf3 Qd7 66.
Kc4 Qf5 67. Qg2 Qh5 0-1

[Event "SR Extraliga 2016/2017"]
[Site "?"]
[Date "2017.03.26"]
[Round "11.5"]
[White "Karas, Marek"]
[Black "Holecko, Rastislav"]
[Result "1-0"]
[WhiteElo "2267"]
[BlackElo "2243"]
[PlyCount "85"]
[EventDate "2016.??.??"]

1. d4 Nf6 2. Bf4 g6 3. Nc3 c6 4. Nf3 d6 5. e4 Qa5 6. Bd3 Bg4 7. h3 Qh5 8. Be2
Bxf3 9. Bxf3 Qa5 10. e5 dxe5 11. dxe5 Nfd7 12. e6 fxe6 13. O-O Nf6 14. Re1 Nbd7
15. Qe2 Qf5 16. Bg3 Kf7 17. Rad1 h5 18. Rd4 g5 19. Rxd7 Nxd7 20. Bxh5+ Rxh5 21.
Qxh5+ Qg6 22. Qxg6+ Kxg6 23. Rxe6+ Kf7 24. Re3 Bg7 25. Ne4 Bf6 26. Rd3 Nf8 27.
c3 b6 28. f3 Rc8 29. Bf2 Ke8 30. Be3 Ne6 31. Kf2 Rc7 32. Kg3 Kf7 33. Kg4 Kg6
34. g3 Rb7 35. f4 gxf4 36. gxf4 Ng7 37. h4 c5 38. h5+ Kf7 39. Ng5+ Bxg5 40.
fxg5 Ne6 41. Bf4 Nf8 42. g6+ Kf6 43. Re3 1-0

[Event "SR Extraliga 2016/2017"]
[Site "?"]
[Date "2017.03.26"]
[Round "11.6"]
[White "Kravec, Patrik"]
[Black "Gasa, Andrej"]
[Result "1/2-1/2"]
[WhiteElo "2046"]
[BlackElo "2274"]
[PlyCount "131"]
[EventDate "2016.??.??"]

1. c4 e5 2. Nc3 Nf6 3. g3 d5 4. cxd5 Nxd5 5. Bg2 Nb6 6. Nf3 Nc6 7. d3 Be7 8.
O-O O-O 9. a3 Be6 10. b4 Nd4 11. Rb1 Nxf3+ 12. Bxf3 c6 13. Ne4 Bd5 14. Bb2 Nd7
15. Qc2 a6 16. Nd2 Bd6 17. d4 Be6 18. Nc4 Bxc4 19. Qxc4 Qe7 20. Bg2 Rfe8 21.
dxe5 Bxe5 22. Bc1 Bf6 23. e4 Ne5 24. Qe2 Qe6 25. f4 Qc4 26. Qxc4 Nxc4 27. e5
Bd8 28. Bf3 Bb6+ 29. Kh1 Rad8 30. a4 Re7 31. b5 cxb5 32. axb5 a5 33. Be2 Nd2
34. Bxd2 Rxd2 35. Bc4 g6 36. Rfd1 Red7 37. Rxd2 Rxd2 38. e6 fxe6 39. Bxe6+ Kg7
40. Bc8 a4 41. Ra1 Bd4 42. Rxa4 b6 43. Ra7+ Kh8 44. Bd7 Re2 45. Bc6 Bc5 46. Rf7
Re7 47. Rf8+ Kg7 48. Rd8 Re2 49. Rd7+ Re7 50. Rd5 Re2 51. f5 gxf5 52. Rxf5 h6
53. Rf3 Rb2 54. g4 Bd6 55. h3 Rh2+ 56. Kg1 Ra2 57. Bd5 Bc5+ 58. Kf1 Rb2 59. Bc4
Rc2 60. Bb3 Rb2 61. h4 Rd2 62. h5 Rb2 63. Rf7+ Kh8 64. Bc4 Rd2 65. Rf6 Rd6 66.
Rxd6 1/2-1/2

[Event "SR Extraliga 2016/2017"]
[Site "?"]
[Date "2017.03.26"]
[Round "11.7"]
[White "Jozefek, Michal"]
[Black "Goban, Marek"]
[Result "1-0"]
[WhiteElo "2184"]
[BlackElo "2062"]
[PlyCount "75"]
[EventDate "2016.??.??"]

1. d4 d5 2. c4 c6 3. Nf3 Nf6 4. e3 e6 5. b3 Nbd7 6. Bd3 b6 7. O-O Bd6 8. Bb2
Bb7 9. Nbd2 O-O 10. Ne5 c5 11. f4 Ne4 12. Nxe4 dxe4 13. Bc2 cxd4 14. Nxd7 Qxd7
15. Qxd4 f6 16. Rad1 Rad8 17. Ba3 Bxa3 18. Qxd7 Rxd7 19. Rxd7 Rf7 20. Rfd1 Bc6
21. Rd8+ Rf8 22. Rxf8+ Kxf8 23. Rd8+ Ke7 24. Rg8 Bc5 25. Kf2 g6 26. Rg7+ Kd6
27. Rxh7 f5 28. Rg7 a5 29. Rxg6 Be8 30. Rh6 Ke7 31. g4 Kf7 32. g5 Bf8 33. Rh7+
Kg8 34. Rc7 Bc5 35. Bd1 Bf7 36. h4 Bd6 37. Rb7 e5 38. Rxb6 1-0

[Event "SR Extraliga 2016/2017"]
[Site "?"]
[Date "2017.03.26"]
[Round "11.8"]
[White "Kriz, Mario"]
[Black "Spacek, Oliver"]
[Result "0-1"]
[WhiteElo "2167"]
[BlackElo "2211"]
[PlyCount "96"]
[EventDate "2016.??.??"]

1. d4 Nf6 2. Nf3 g6 3. Nc3 d5 4. Bf4 Bg7 5. e3 O-O 6. Be2 a6 7. Ne5 b6 8. h4
Bb7 9. h5 c5 10. hxg6 hxg6 11. Bg4 cxd4 12. exd4 Nc6 13. Nxc6 Bxc6 14. Qf3 Re8
15. O-O-O Kf8 16. Rh4 Ng8 17. Be6 Nf6 18. Bg4 Ng8 19. Bg5 Qd6 20. Re1 e5 21.
Qg3 Qb8 22. Rhh1 Ra7 23. dxe5 Bxe5 24. f4 Bf6 25. Bf3 Qd6 26. Rxe8+ Kxe8 27.
Rd1 Bxc3 28. bxc3 f6 29. Bh4 Ne7 30. Re1 Kf7 31. Bg4 Bd7 32. Bxd7 Rxd7 33. Qe3
Rd8 34. g4 d4 35. cxd4 Nd5 36. Qb3 Qxf4+ 37. Kb1 Qxd4 38. Bg3 Kg7 39. a3 Nc3+
40. Kc1 Ne2+ 41. Kb1 Nc3+ 42. Kc1 Rd5 43. Re7+ Kh6 44. a4 Qd2+ 45. Kb2 Nxa4+
46. Ka3 Qc1+ 47. Kxa4 Qa1+ 48. Kb4 Qa5+ 0-1

[Event "SR 5. liga SE-SI 2015/2016"]
[Site "?"]
[Date "2016.10.15"]
[Round "1.1"]
[White "Londin, Lukas Vojtech"]
[Black "Tomasovic, Roman"]
[Result "1-0"]
[WhiteElo "1209"]
[BlackElo "1555"]
[PlyCount "48"]
[EventDate "2016.??.??"]

1. e4 e5 2. Nf3 Nc6 3. Bc4 Bc5 4. c3 d6 5. a4 Nf6 6. b4 Bxf2+ 7. Kxf2 Nxe4+ 8.
Ke1 O-O 9. d3 Nf6 10. Bg5 Be6 11. Nbd2 h6 12. Bh4 g5 13. Nxg5 Bxc4 14. Nge4 Be6
15. Bxf6 Bf5 16. Bxd8 Raxd8 17. Nf6+ Kg7 18. Nh5+ Kg6 19. g4 Bxd3 20. Qf3 f5
21. Qxd3 e4 22. Qg3 Kh7 23. gxf5 Rd7 24. Rg1 Ne5 1-0

[Event "SR 5. liga SE-SI 2015/2016"]
[Site "?"]
[Date "2016.10.15"]
[Round "1.1"]
[White "Vozarova, Adriana"]
[Black "Parizek, Ondrej"]
[Result "1-0"]
[WhiteElo "1434"]
[BlackElo "1000"]
[PlyCount "37"]
[EventDate "2016.??.??"]

1. e4 e5 2. Nf3 Nf6 3. d4 Nc6 4. d5 Nb4 5. Nc3 Bc5 6. Bd3 O-O 7. O-O d6 8. h3
c6 9. a3 Qa5 10. Bg5 Nh5 11. axb4 Qxb4 12. Na4 b5 13. Bd2 Qxd2 14. Nxd2 bxa4
15. Qxh5 Rb8 16. Rxa4 Rxb2 17. Nb3 cxd5 18. exd5 Bd7 19. Qxh7# 1-0

[Event "SR 5. liga SE-SI 2015/2016"]
[Site "?"]
[Date "2016.10.15"]
[Round "1.1"]
[White "Londinova, Jasmina Marie"]
[Black "Tomasovic, Pavol"]
[Result "0-1"]
[WhiteElo "1050"]
[BlackElo "1308"]
[PlyCount "102"]
[EventDate "2016.??.??"]

1. e4 e6 2. Nf3 d5 3. exd5 exd5 4. d4 Nf6 5. Nc3 Bd6 6. Bd3 O-O 7. O-O Bg4 8.
Bg5 Nbd7 9. h3 Bh5 10. Nxd5 c6 11. Bxf6 Nxf6 12. Nxf6+ Qxf6 13. Be4 Rad8 14. g4
Bg6 15. Qd3 Rde8 16. Rfe1 Qf4 17. Bxg6 fxg6 18. Qb3+ Kh8 19. Re3 Rxe3 20. Qxe3
Qxf3 21. Re1 Qxe3 22. Rxe3 g5 23. Re6 Bb8 24. c4 g6 25. Kg2 Kg7 26. Re7+ Rf7
27. Re6 a6 28. b3 Ba7 29. c5 Kf8 30. Rd6 Ke7 31. Kf1 Rf6 32. Rxf6 Kxf6 33. Ke2
Ke6 34. Kd3 Kd5 35. a4 Bb8 36. f3 Bh2 37. b4 Bg1 38. a5 Bxd4 39. b5 axb5 40.
Kc2 Kxc5 41. Kb3 b4 42. Ka2 Kc4 43. Kb1 b3 44. Kc1 Kb4 45. Kd2 b2 46. Kc2 Ka3
47. Kb1 Ka4 48. a6 bxa6 49. Ka2 c5 50. f4 gxf4 51. h4 c4 0-1

[Event "SR 5. liga SE-SI 2015/2016"]
[Site "?"]
[Date "2016.10.15"]
[Round "1.1"]
[White "Klimesova, Gabriela"]
[Black "Londin, Michal Karol"]
[Result "1-0"]
[WhiteElo "1333"]
[BlackElo "1043"]
[PlyCount "89"]
[EventDate "2016.??.??"]

1. e4 e5 2. Nf3 Nc6 3. Bc4 Bc5 4. d3 Nf6 5. Bg5 d6 6. h3 h6 7. Bh4 Be6 8. Bb3
Qd7 9. Nc3 O-O-O 10. Qd2 g5 11. Nxg5 hxg5 12. Bxg5 Rhg8 13. Bd5 Bxd5 14. Nxd5
Qe6 15. Nxf6 Rxg5 16. Qxg5 Rh8 17. Qf5 Bb4+ 18. c3 Nd4 19. Qxe6+ fxe6 20. Rc1
Bxc3+ 21. bxc3 Nc6 22. O-O Rf8 23. Nh7 Rf7 24. Ng5 Rg7 25. Nxe6 Re7 26. Ng5 Rg7
27. h4 Rg8 28. f4 exf4 29. Rxf4 Ne5 30. Rd1 Ng6 31. Rg4 Nxh4 32. Rxh4 Rxg5 33.
Rf1 Kd7 34. g4 Ke6 35. Rf5 Rg6 36. g5 c6 37. Rh6 Rxh6 38. gxh6 d5 39. h7 dxe4
40. dxe4 c5 41. h8=Q b6 42. Qh6+ Ke7 43. Rg5 Kf7 44. Rg7+ Ke8 45. Qh8# 1-0

[Event "SR 5. liga SE-SI 2015/2016"]
[Site "?"]
[Date "2016.10.15"]
[Round "1.2"]
[White "Ulehla, Jakub"]
[Black "Kanka, Tomas"]
[Result "0-1"]
[WhiteElo "1650"]
[BlackElo "1697"]
[PlyCount "52"]
[EventDate "2016.??.??"]

1. e4 e5 2. Nf3 d6 3. d4 exd4 4. Nxd4 Nf6 5. Nc3 a6 6. Bd3 Be7 7. O-O O-O 8. f4
c5 9. Nf3 Nc6 10. h3 b5 11. g4 c4 12. Be2 Qb6+ 13. Kh2 b4 14. Nd5 Nxd5 15. Qxd5
Be6 16. Qh5 f6 17. f5 Bf7 18. Qh4 Nd4 19. Nxd4 Qxd4 20. Bf3 d5 21. exd5 Bd6+
22. Kg2 Qe5 23. Rh1 Bxd5 24. Qf2 Rfe8 25. Bxd5+ Qxd5+ 26. Qf3 Re2+ 0-1

[Event "SR 5. liga SE-SI 2015/2016"]
[Site "?"]
[Date "2016.10.15"]
[Round "1.2"]
[White "Kastler, Peter"]
[Black "Drozd, Jan"]
[Result "1-0"]
[WhiteElo "1734"]
[BlackElo "1573"]
[PlyCount "113"]
[EventDate "2016.??.??"]

1. d4 Nf6 2. c4 g6 3. Nc3 Bg7 4. Nf3 O-O 5. e3 d6 6. Be2 c5 7. O-O cxd4 8. Nxd4
Nc6 9. b3 a6 10. Bb2 Nxd4 11. exd4 Bf5 12. Bf3 Rb8 13. Re1 Re8 14. Rc1 b6 15.
a4 Bh6 16. Ra1 Qc8 17. Bc1 Bxc1 18. Rxc1 Bg4 19. Rc2 e5 20. Bxg4 Qxg4 21. Qxg4
Nxg4 22. Rce2 f6 23. f4 Kf8 24. dxe5 dxe5 25. h3 Nh6 26. fxe5 fxe5 27. Rxe5 Nf5
28. Rxe8+ Rxe8 29. Rxe8+ Kxe8 30. Nd5 Nd4 31. b4 b5 32. axb5 axb5 33. Nc7+ Kd7
34. Nxb5 Nxb5 35. cxb5 Kc7 36. Kf2 Kb6 37. Kf3 Kxb5 38. Kf4 h6 39. Ke5 Kxb4 40.
Kf6 g5 41. Kg6 Kc5 42. Kxh6 g4 43. h4 Kd6 44. Kg5 g3 45. Kg4 Ke6 46. Kxg3 Kf5
47. Kf3 Kf6 48. Kf4 Kg6 49. g4 Kh6 50. Kf5 Kg7 51. g5 Kf7 52. h5 Kg7 53. Ke6
Kg8 54. Kf6 Kf8 55. g6 Kg8 56. g7 Kh7 57. Kf7 1-0

[Event "SR 5. liga SE-SI 2015/2016"]
[Site "?"]
[Date "2016.10.15"]
[Round "1.2"]
[White "Buran, Andrej Ml"]
[Black "Papanek, Lubomir"]
[Result "1/2-1/2"]
[WhiteElo "1558"]
[BlackElo "1659"]
[PlyCount "111"]
[EventDate "2016.??.??"]

1. e4 e5 2. Nf3 Nc6 3. Bc4 Bc5 4. O-O Nf6 5. d3 O-O 6. Bg5 Be7 7. Nc3 d6 8. d4
exd4 9. Nxd4 Ne5 10. Bb3 c5 11. Nf3 Bg4 12. Bxf6 Bxf6 13. Nb5 c4 14. Ba4 Qa5
15. c3 a6 16. Nxd6 Qc7 17. Nf5 b5 18. Bc2 Rad8 19. Qe2 Bxf3 20. gxf3 Rd2 21.
Qe3 Rxc2 22. Nd4 Bg5 23. Qxg5 Rd8 24. Qg3 Rd6 25. Nxc2 Rg6 26. Kh1 Rxg3 27.
fxg3 g5 28. Nd4 h5 29. f4 gxf4 30. Rxf4 Nd3 31. Rf5 Qb7 32. Rd5 Nf2+ 33. Kg1
Nxe4 34. Rxh5 b4 35. Re1 bxc3 36. bxc3 Qb2 37. Rf5 Qxa2 38. Rf4 Nd6 39. Rf6 Ne4
40. Rf4 Nd6 41. Rf6 Qd2 42. Re2 Qc1+ 43. Kf2 Nb5 44. Nf5 Nc7 45. Nh6+ Kg7 46.
Rxf7+ Kxh6 47. Rxc7 Qa3 48. Rc6+ Kg7 49. Rc7+ Kf6 50. Rc6+ Kf5 51. Rxc4 Qd6 52.
Rf4+ Kg5 53. h3 Qc5+ 54. Re3 Qb6 55. Rg4+ Kf5 56. Rf4+ 1/2-1/2

[Event "SR 5. liga SE-SI 2015/2016"]
[Site "?"]
[Date "2016.10.15"]
[Round "1.2"]
[White "Mraz, Jan"]
[Black "Kaufman, Robert"]
[Result "1-0"]
[WhiteElo "1256"]
[BlackElo "1317"]
[PlyCount "49"]
[EventDate "2016.??.??"]

1. d4 d5 2. c4 e6 3. Nc3 Nf6 4. Bd2 Be7 5. e3 O-O 6. Nf3 Nbd7 7. c5 b6 8. c6
Nb8 9. Qa4 Ne4 10. Rc1 Nxc3 11. Rxc3 a5 12. a3 f6 13. Bd3 Qe8 14. b4 Bd6 15.
O-O e5 16. e4 dxe4 17. Bxe4 f5 18. Bd5+ Kh8 19. dxe5 axb4 20. Qxa8 bxc3 21.
Bxc3 Ba6 22. exd6 Bxf1 23. Kxf1 cxd6 24. Qb7 Nxc6 25. Qxg7# 1-0

[Event "SR 5. liga SE-SI 2015/2016"]
[Site "?"]
[Date "2016.10.15"]
[Round "1.2"]
[White "Bazovsky, Max"]
[Black "Ralbovsky, Milan"]
[Result "0-1"]
[WhiteElo "1318"]
[BlackElo "1000"]
[PlyCount "56"]
[EventDate "2016.??.??"]

1. d4 d5 2. e3 e6 3. Bd3 Bd6 4. Nc3 Nc6 5. a3 Nf6 6. f4 O-O 7. Nf3 h6 8. Qe2 a6
9. Bd2 Bd7 10. Ne5 Qe7 11. h4 h5 12. O-O-O b5 13. g4 Bxe5 14. fxe5 Nxg4 15. e4
Nxd4 16. Qg2 Bc6 17. exd5 exd5 18. Rde1 Nxe5 19. Bf1 Rae8 20. Bh6 Nf5 21. Bg5
Nd3+ 22. Bxd3 Qxe1+ 23. Rxe1 Rxe1+ 24. Kd2 Re5 25. Bf6 Re6 26. Nxd5 Bxd5 27.
Qxd5 Rxf6 28. Bxf5 Rd6 0-1

[Event "SR 5. liga SE-SI 2015/2016"]
[Site "?"]
[Date "2016.10.15"]
[Round "1.3"]
[White "Moravec, Milan"]
[Black "Ralbovsky, Dominik"]
[Result "1-0"]
[WhiteElo "1711"]
[BlackElo "1000"]
[PlyCount "121"]
[EventDate "2016.??.??"]

1. d4 d5 2. c4 e5 3. dxe5 d4 4. e3 Bc5 5. exd4 Qxd4 6. Qxd4 Bxd4 7. Nf3 Nc6 8.
Nxd4 Nxd4 9. Bd3 Bf5 10. Bxf5 Nxf5 11. Na3 a6 12. Nc2 Nge7 13. b3 Nh4 14. O-O
Nc6 15. Bb2 O-O-O 16. Rad1 Nf5 17. g3 Rxd1 18. Rxd1 Rd8 19. Rxd8+ Kxd8 20. f4
a5 21. Kf2 Nb4 22. Nxb4 axb4 23. Kf3 h5 24. Ke4 g6 25. Bd4 b6 26. c5 b5 27. Bf2
Ne7 28. Be1 Nc6 29. f5 gxf5+ 30. Kxf5 Ke7 31. Bd2 Nd4+ 32. Ke4 Nc6 33. Kd5 Kd7
34. Bg5 Nb8 35. h3 c6+ 36. Ke4 Ke6 37. Bf4 Nd7 38. Kd4 f6 39. exf6 Nxf6 40. Bd2
Nd5 41. g4 hxg4 42. hxg4 Kf6 43. Ke4 Nc3+ 44. Bxc3+ bxc3 45. Kd3 c2 46. Kxc2
Kg5 47. a4 bxa4 48. bxa4 Kxg4 49. a5 Kf4 50. Kc3 Ke5 51. a6 Kd5 52. Kb4 Kd4 53.
a7 Ke5 54. a8=Q Kd5 55. Qd8+ Ke4 56. Kc4 Kf5 57. Qe7 Kf4 58. Kd4 Kf3 59. Qe4+
Kg3 60. Ke3 Kh2 61. Kf3 1-0

[Event "SR 5. liga SE-SI 2015/2016"]
[Site "?"]
[Date "2016.10.15"]
[Round "1.3"]
[White "Hyza, Richard"]
[Black "Cerovsky, Marian"]
[Result "0-1"]
[WhiteElo "1000"]
[BlackElo "1825"]
[PlyCount "52"]
[EventDate "2016.??.??"]

1. e4 e5 2. Nf3 d6 3. Bc4 h6 4. Nc3 c6 5. d3 a5 6. a3 Bg4 7. h3 Bh5 8. Be3 Be7
9. Qe2 Nd7 10. O-O-O Ngf6 11. Kb1 b5 12. Ba2 b4 13. Na4 Qb8 14. b3 c5 15. Bd2
Nb6 16. Nxb6 Qxb6 17. Qe3 bxa3 18. Bc1 a4 19. Qd2 Nd7 20. g4 Bg6 21. Ne1 f6 22.
c4 axb3 23. Bxb3 Qxb3+ 24. Ka1 Rb8 25. Bxa3 Qxa3+ 26. Qa2 Qc3+ 0-1

[Event "SR 5. liga SE-SI 2015/2016"]
[Site "?"]
[Date "2016.10.15"]
[Round "1.3"]
[White "Damborsky, Pavol"]
[Black "Daniel, Jakub"]
[Result "1-0"]
[WhiteElo "1676"]
[BlackElo "1000"]
[PlyCount "43"]
[EventDate "2016.??.??"]

1. e4 e5 2. Nf3 Nc6 3. Bc4 Bc5 4. a3 Nf6 5. d3 Bxf2+ 6. Kxf2 Ng4+ 7. Kg1 O-O 8.
h3 d6 9. hxg4 Bxg4 10. Bg5 Bxf3 11. Bxd8 Bxd1 12. Bxc7 Bxc2 13. Bxd6 Nd4 14.
Bxf8 Ne2+ 15. Kf2 Nf4 16. Bb4 Bxd3 17. Bxd3 Nxd3+ 18. Ke3 Nxb2 19. Nd2 Rd8 20.
Rac1 Rd3+ 21. Ke2 f6 22. Rc2 1-0

[Event "SR 5. liga SE-SI 2015/2016"]
[Site "?"]
[Date "2016.10.15"]
[Round "1.3"]
[White "Lanza, Matej"]
[Black "Pisecky, Jan"]
[Result "0-1"]
[WhiteElo "1000"]
[BlackElo "1440"]
[PlyCount "54"]
[EventDate "2016.??.??"]

1. d4 d5 2. Nc3 Bf5 3. Nf3 Nc6 4. e3 a6 5. Bd2 Nb4 6. Be2 Nxc2+ 7. Kf1 Nxa1 8.
Qxa1 Nf6 9. Ne5 Ne4 10. Nxe4 Bxe4 11. Bd1 f6 12. Ba4+ b5 13. Qd1 fxe5 14. dxe5
e6 15. f3 Bd3+ 16. Kg1 bxa4 17. Qxa4+ Qd7 18. Qd4 Qb5 19. Qg4 Bf5 20. Qh5+ g6
21. Qg5 Qe2 22. Qf6 Qxd2 23. h3 Qxe3+ 24. Kh2 Qf4+ 25. g3 Qd2+ 26. Kg1 Bc5+ 27.
Kf1 Bd3# 0-1

[Event "SR 5. liga SE-SI 2015/2016"]
[Site "?"]
[Date "2016.10.15"]
[Round "1.3"]
[White "Sprusansky, Ferdinand"]
[Black "Vyrubal, Ondrej"]
[Result "1-0"]
[WhiteElo "1370"]
[BlackElo "1000"]
[PlyCount "33"]
[EventDate "2016.??.??"]

1. e4 e5 2. Nf3 Nc6 3. Bb5 a6 4. Ba4 Nf6 5. d3 Bd6 6. Nc3 O-O 7. Bg5 h6 8. Bh4
b5 9. Bb3 Rb8 10. a3 Re8 11. Nd5 Rb7 12. Qd2 Bc5 13. Nxf6+ gxf6 14. Qxh6 Bf8
15. Qh5 d6 16. Qxf7+ Kh8 17. Qg8# 1-0